000 01326nam0a2200301 4500
001 RU\NLR\BIBL_A\011899382
005 20190208190732.0
010 _a978-5-00118-166-8
_9100
021 _aRU
_bКН-П-18-090322
_9КН-П-18-6567
035 _a(NLR Aleph) 011899382
035 _a(RuMoRGB)009820168
090 _a10874576
_c10874576
100 _a20181224d2018 d y0rusy50 ca
101 0 _arus
102 _aRU
105 _ay|||z|||000zy
200 1 _aДесятичные дроби
_eсборник математических задач для 7-9 классов коррекционных школ
_fС. И. Парканова, С. Н. Ревтова
210 _aКазань
_cБук
_d2018
215 _a11 с.
_d21
606 1 _aДесятичные дроби
_xЗадачи
_xРешение
_jУчебные издания для специальных (коррекционных) образовательных учреждений
_2nlr_sh1
_2nlr_sh2
_3RU\NLR\AUTH\661293255
686 1 _aВ131.1я721-41
700 1 _aПарканова
_bС. И.
_gСветлана Ивановна
701 1 _aРевтова
_bС. Н.
_gСветлана Николаевна
942 _cBOOK
980 _aNBR
980 _aNB